MARC-Details
| 000 -Satzkennung |
| Kontrollfeld mit fester Länge |
03985cam a2200529 4500 |
| 001 - Kontrollnummer |
| Kontrollfeld |
1795808039 |
| 003 - Kontrollnummer Identifier |
| Kontrollfeld |
DE-627 |
| 005 - Datum und Zeit der letzten Transaktion |
| Kontrollfeld |
20220713152441.0 |
| 007 - Feld mit fester Länge zur physischen Beschreibung - Allgemeine Information |
| Kontrollfeld mit fester Länge |
tu |
| 008 - Feld mit fester Länge zur physischen Beschreibung - Allgemeine Angaben |
| Kontrollfeld mit fester Länge |
220316s2022 gw ||||| 00| ||ger c |
| 015 ## - Nummer der Nationalbibliografie |
| Nummer der Nationalbibliografie |
22,N11 |
| Quelle |
dnb |
| 016 7# - Kontrollnummer der nationalbibliografischen Agentur |
| Datensatzkontrollnummer |
1253237190 |
| Quelle |
DE-101 |
| 020 ## - Internationale Standardbuchnummer |
| Internationale Standardbuchnummer |
9783754957844 |
| Bezugsbedingungen |
: EUR 18.50 (DE), EUR 18.50 (AT) |
| 020 ## - Internationale Standardbuchnummer |
| Internationale Standardbuchnummer |
3754957848 |
| 024 3# - Anderer Standardidentifier |
| Standardnummer oder Code |
9783754957844 |
| 035 ## - Systemkontrollnummer |
| System-Kontrollnummer |
(DE-627)1795808039 |
| 035 ## - Systemkontrollnummer |
| System-Kontrollnummer |
(DE-599)DNB1253237190 |
| 035 ## - Systemkontrollnummer |
| System-Kontrollnummer |
(OCoLC)1303701410 |
| 035 ## - Systemkontrollnummer |
| System-Kontrollnummer |
(DE-101)1253237190 |
| 040 ## - Katalogisierungsquelle |
| Original-Katalogisierungsstelle |
DE-627 |
| Katalogisierungssprache |
ger |
| Übertragungsstelle |
DE-627 |
| Beschreibungsfestlegungen |
rda |
| 041 ## - Sprachcode |
| Sprachcode des Textes/der Tonspur oder des separaten Titels |
ger |
| 044 ## - Ländercode der veröffentlichenden/herstellenden Stelle |
| ISO-Ländercode |
XA-DE-BE |
| 082 04 - Notation nach der Dewey Decimal Classification |
| Notation |
900 |
| Zuweisende Stelle |
DE-101 |
| 084 ## - Andere Notation |
| Notation |
15.96 |
| Quelle der Nummer |
bkl |
| 084 ## - Andere Notation |
| Notation |
15.43 |
| Quelle der Nummer |
bkl |
| 100 1# - Haupteintragung - Personenname |
| Personenname |
Lotter, Johann Christian |
| Funktionsbezeichnung |
VerfasserIn |
| Code für Beziehungskennzeichnung |
aut |
| 245 10 - Titel |
| Titel |
Aus dem Dunkel: |
| Zusatz zum Titel |
Wie Juden aus Frankfurt/Oder den Nazis entkamen / |
| Verfasserangabe etc. |
Johann Christian Lotter |
| 263 ## - Geplantes Erscheinungsdatum |
| Geplantes Erscheinungsdatum |
202203 |
| 264 #1 - Produktion, Veröffentlichung, Distribution, Herstellung und Urheberrechtsvermerk |
| Herstellungs-, Veröffentlichungs- Vertriebs-, Erzeugungsort |
Berlin |
| Produzent, Herausgeber, Distributor, Hersteller |
epubli |
| Datum der Herstellung, der Veröffentlichung, des Vertriebs oder des Urheberschutzvermerks |
[2022] |
| 300 ## - Physische Beschreibung |
| Umfang |
349 Seiten: |
| Andere physische Details |
Illustrationen |
| 336 ## - Inhaltstyp |
| Inhaltstypterm |
Text |
| Inhaltstypcode |
txt |
| Quelle |
rdacontent |
| 337 ## - Medientyp |
| Bezeichnung des Medientyps |
ohne Hilfsmittel zu benutzen |
| Medientypcode |
n |
| Quelle |
rdamedia |
| 338 ## - Datenträgertyp |
| Datenträgertypbezeichnung |
Band |
| Datenträgertypcode |
nc |
| Quelle |
rdacarrier |
| 505 ## - Fußnote zu strukturierten Inhaltsangaben |
| Fußnote zu strukturierten Inhaltsangaben |
Darin enthalten: Die Kontrahenten. Ignaz Maybaum, Hermann Gerson, S. 34; Schleichende Entwurzelung. Geschwister Neumark, S. 42; Flucht mit Gestapo-Hilfe. Salo Glass, S. 63; Rauch und splitterndes Glas. Curtis Cassell, S. 68; Luftkrieg über China. Gerhard Neumann, S. 75; Pioniere in Palästina. Die Geschwister Lapidas, S. 80; Zurück ins Reich. Familie Rosenbaum, S. 88; Die rettende Ausweisung. Familie Fellert, S. 90; Steine und Kamele. Die Familie Fürst, S. 97; Die Stimme des Tages. Die Brüder Gebhardt, S. 109; Schwierige Brasilienfahrt. Lilo Holzheim, S. 113; Die Kinderrepublik. David Meyer, S. 118; Keinen Augenblick Reue. Joachim Simon, S. 125; Der rastlose Architekt. Konrad Wachsmann, S. 131; Jagd auf Eichmann. Die Brüder Aronheim, S. 137; Durchbeißen in London. Die Brüder Baruch, S. 156; Rückkehr im Panzer. Gerd Stein. Vom Zahnarzt zum Butler. Familie Gumpert, S. 166; Tod im Obstgarten. Familien Hirschberg und Knopf, S. 174; Der Untergang der 'Patria'. Die Schwestern Nathaniel, S. 180; Erziehung im Konzentrationslager. Familie Nehab, S. 189; Frankfurt wird arisiert. Familien Hirsch und Bendit, S. 200; Einsam in Schweden. Die Brüder Berlowitz, S. 203; Zwist im Kibbuz. Die Brüder Chone, S. 207; Selektion für Palästina. Familie Czerninski, S. 211; Flucht durch Heirat. Die Geschwister Gordon, S. 219; Umweg über Südamerika. Familie Katz, S. 226; Kibbuz ohne Kinder. Famillie Pincus, s. 233; Lehrer und Waffenschuggler. Werner Segall, S. 237; Widerstand in Frankreich. Familie Simon, s. 242; Sonderbehandlung in Sachsenhausen. Heinz Wollmann, S. 244; Lillygold of London. Familie Meyerheim, S. 259; Eine Villa für die Partei. Famile Guttstadt, S. 266; Keine Zähne für die Lazarette. Familie Lewek, S. 271; Der Lateinlehrer. Familie Satz, S. 273; Die Odyssee. Familie Ufer, S. 275; Überleben im Keller. Familie Vater; den Juden eine Stadt. Hans-Werner Heilborn, s. 289; Diebstahl einer Fabrik. Familie Stein, S. 322; Bilanz nach einem Kibbuzleben. Karl Stein, S. 322; Adressen und Lebensdaten, S. 329 |
| 653 ## - Indexierungsterm - Nicht normiert |
| Nicht-normierter Term |
Juden |
| 653 ## - Indexierungsterm - Nicht normiert |
| Nicht-normierter Term |
Frankfurt (Oder) |
| 951 ## - EQUIVALENCE OR CROSS-REFERENCE--GEOGRAPHIC NAME/AREA NAME [OBSOLETE] [CAN/MARC only] |
| Geografischer Name |
BO |
| 710 2# - Nebeneintragung - Körperschaftsname |
| Körperschafts- oder Gebietskörperschaftsname als Eintragungselement |
epubli GmbH |
| Funktionsbezeichnung |
Verlag |
| IDN des Normdatensatzes oder Standardnummer |
(DE-588)106492235X |
| -- |
(DE-627)815535384 |
| -- |
(DE-576)424527898 |
| Code für Beziehungskennzeichnung |
pbl |
| 776 08 - Andere physische Form |
| Verweisungsphrase |
Erscheint auch als |
| Fußnote |
Online-Ausgabe |
| Titel |
Aus dem Dunkel |
| Ort, Verlag und Erscheinungsjahr |
Berlin : epubli, 2022 |
| Physische Beschreibung |
Online-Ressource, 352 Seiten |
| Datensatzkontrollnummer |
(DE-101)1253348863 |
| 856 42 - Elektronische Adresse und Zugriff |
| URL |
<a href="http://deposit.dnb.de/cgi-bin/dokserv?id=f14dda93f5374ee5b778212148e65387&prov=M&dok_var=1&dok_ext=htm">http://deposit.dnb.de/cgi-bin/dokserv?id=f14dda93f5374ee5b778212148e65387&prov=M&dok_var=1&dok_ext=htm</a> |
| Kontaktstelle für Hilfe beim Zugriff |
X:MVB |
| Elektronisches Format |
text/html |
| Zugriffszeiten |
2022-03-16 |
| Spezifische Materialangaben |
Inhaltstext |
| 856 42 - Elektronische Adresse und Zugriff |
| URL |
<a href="http://www.epubli.de/shop/isbn/9783754957844">http://www.epubli.de/shop/isbn/9783754957844</a> |
| Kontaktstelle für Hilfe beim Zugriff |
X:MVB |
| Elektronisches Format |
text/html |
| Zugriffszeiten |
2022-03-16 |
| Spezifische Materialangaben |
Inhaltstext |
| 856 42 - Elektronische Adresse und Zugriff |
| URL |
<a href="http://www.epubli.de">http://www.epubli.de</a> |
| Kontaktstelle für Hilfe beim Zugriff |
X:MVB |
| Zugriffszeiten |
2022-03-16 |
| Spezifische Materialangaben |
Unbekannt |
| 856 42 - Elektronische Adresse und Zugriff |
| URL |
<a href="http://www.epubli.de/shop/isbn/9783754957844">http://www.epubli.de/shop/isbn/9783754957844</a> |
| Kontaktstelle für Hilfe beim Zugriff |
X:MVB |
| Zugriffszeiten |
2022-03-16 |
| Spezifische Materialangaben |
Unbekannt |
| 936 bk - OCLC/CONSER MISCELLANEOUS DATA (OCLC); PIECE USED FOR CATALOGING (pre-AACR2) (RLIN) |
| OCLC control number(s) of parallel record(s) (OCLC); Piece used for cataloging, PUC (RLIN) |
15.96 |
| 936 bk - OCLC/CONSER MISCELLANEOUS DATA (OCLC); PIECE USED FOR CATALOGING (pre-AACR2) (RLIN) |
| OCLC control number(s) of parallel record(s) (OCLC); Piece used for cataloging, PUC (RLIN) |
15.43 |
| 942 ## - Zusätzliche Felder (Koha) |
| Klassifikation oder Aufstellungssystematik |
Andere/Generische Klassifikation |
| Koha-Medientyp |
Bücher |